000 00642nam a2200217Ia 4500
003 IN-BaIIA
008 211028s9999 xx 000 0 eng d
020 _a0-691-03791-4
040 _cIIA Library
080 _a524.834
_bHAW
100 _aHawking, S
_920714
245 4 _aThe nature of space and time
_cS. Hawking and R. Penrose
260 _aPrinceton
_bPrinceton University press
_c1996
300 _aix, 141p.
650 _aAstrophysics
_9794
650 _aCosmology
650 _aQuantum theory
650 _aSpace and time
_920715
700 _aPenrose , R.
_910419
942 _cBK
999 _c11910
_d11910